[Event "Guernsey Holiday"]
[Site "?"]
[Date "2007.10.22"]
[Round "2"]
[White "Haisma, Henk"]
[Black "Van Rooijen, Gerardus C"]
[Result "1-0"]
[WhiteElo "1692"]
[BlackElo "1480"]
[PlyCount "107"]
[EventDate "2007.11.23"]

1. b4 e6 2. Bb2 Nf6 3. a3 d5 4. e3 Bd7 5. Nf3 c5 6. bxc5 Bxc5 7. d3 O-O 8. Be2
Nc6 9. O-O a6 10. d4 Be7 11. c4 dxc4 12. Bxc4 b5 13. Bd3 Qc7 14. Nbd2 Rfc8 15.
Rc1 Qb6 16. Qe2 Na5 17. Ne5 Be8 18. Rb1 Nd5 19. Be4 Rab8 20. Bxd5 exd5 21. Nd3
Rc2 22. Rfc1 Rbc8 23. Rxc2 Rxc2 24. Qd1 Rc8 25. Nb3 Nc4 26. Ndc5 a5 27. Qg4 Qc6
28. Bc3 a4 29. Na5 Qg6 30. Qxg6 hxg6 31. Nxc4 dxc4 32. Bb4 f6 33. f3 Kf7 34.
Kf2 f5 35. e4 fxe4 36. fxe4 Bc6 37. d5 Be8 38. Na6 Bxb4 39. Nxb4 Kf6 40. Ke3
Ke5 41. Nc2 c3 42. Nd4 Rc4 43. Nf3+ Kd6 44. Kd3 Rc8 45. Rc1 Bf7 46. Rxc3 Rxc3+
47. Kxc3 Kc5 48. Nd4 g5 49. Ne6+ Bxe6 50. dxe6 Kd6 51. Kb4 Kxe6 52. Kxb5 Ke5
53. Kxa4 Kxe4 54. Kb5 1-0

[Event "Guernsey Holiday"]
[Site "?"]
[Date "2007.10.22"]
[Round "2"]
[White "Kearsley, Raymond J"]
[Black "Silverstein, Ben"]
[Result "1/2-1/2"]
[WhiteElo "1664"]
[BlackElo "1464"]
[PlyCount "111"]
[EventDate "2007.11.23"]

1. c4 e5 2. g3 Nf6 3. Bg2 c6 4. Nf3 e4 5. Nd4 Bc5 6. Nb3 Bb6 7. O-O O-O 8. Nc3
d5 9. cxd5 cxd5 10. d3 Qe7 11. d4 Be6 12. Bg5 h6 13. Bxf6 Qxf6 14. e3 Qg5 15.
Na4 Bg4 16. Qd2 Nd7 17. Nxb6 Nxb6 18. Nc5 Nc4 19. Qb4 a5 20. Qc3 b6 21. b3 bxc5
22. bxc4 Bf3 23. cxd5 cxd4 24. Qxd4 Rfe8 25. Rac1 Rad8 26. d6 Re5 27. Rc6 Bxg2
28. Kxg2 Qf6 29. Qb6 Re6 30. Qxa5 Qf3+ 31. Kg1 Rexd6 32. Rxd6 Rxd6 33. Qc3 h5
34. a4 h4 35. Qc8+ Kh7 36. Qh3 Rh6 37. Qg2 Qf5 38. g4 Qe6 39. h3 Rg6 40. Rd1 f5
41. g5 Qe7 42. f4 exf3 43. Qxf3 Qxg5+ 44. Kh2 Qf6 45. Rf1 Qe5+ 46. Qf4 Qd5 47.
Qxh4+ Kg8 48. Qf2 Qe5+ {(=)} 49. Qf4 Qb2+ 50. Rf2 Qb1 51. Rg2 Rxg2+ 52. Kxg2
Qc2+ 53. Kg3 Qb1 54. Qc4+ Kh7 55. Kf3 Qh1+ 56. Kg3 1/2-1/2

[Event "Guernsey Holiday"]
[Site "?"]
[Date "2007.10.22"]
[Round "2"]
[White "Cox, John"]
[Black "Baart, Edwin"]
[Result "1/2-1/2"]
[WhiteElo "1460"]
[BlackElo "1637"]
[PlyCount "79"]
[EventDate "2007.11.23"]

1. e4 e5 2. Bc4 Nf6 3. Nc3 Nc6 4. a3 Be7 5. Nf3 d6 6. h3 Be6 7. Bxe6 fxe6 8.
O-O O-O 9. d4 exd4 10. Nxd4 Nxd4 11. Qxd4 e5 12. Qc4+ Kh8 13. Re1 c6 14. Bg5
Nh5 15. Be3 Qd7 16. Qe2 Nf4 17. Bxf4 Rxf4 18. Rad1 Raf8 19. f3 Qe6 20. Qd3 Qg6
21. Rf1 Qg3 22. Ne2 Qg6 23. Nxf4 Rxf4 24. c4 Qg3 25. Qe2 Rh4 26. Qf2 Qg6 27.
Kh2 Rf4 28. Rd3 c5 29. Qg3 Qf7 30. Qf2 Qxc4 31. Qd2 Qe6 32. g3 Rf7 33. f4 Qc4
34. Qe3 g6 35. Rc1 Qe6 36. Rc2 Bf6 37. Rd5 exf4 38. gxf4 Bd4 39. Rxd4 cxd4 40.
Qxd4+ 1/2-1/2

[Event "Guernsey Holiday"]
[Site "?"]
[Date "2007.10.22"]
[Round "2"]
[White "Jongerius, M.."]
[Black "Newrick, William R"]
[Result "1-0"]
[WhiteElo "1592"]
[BlackElo "1363"]
[PlyCount "45"]
[EventDate "2007.11.23"]

1. e4 d5 2. exd5 Nf6 3. Nf3 Nxd5 4. Bc4 Bg4 5. d4 e6 6. O-O Nc6 7. Be2 Bd6 8.
c4 Nf4 9. Bxf4 Bxf4 10. Re1 O-O 11. d5 exd5 12. cxd5 Ne7 13. Nc3 Nf5 14. Qa4
Bxf3 15. Qxf4 Bxe2 16. Qxf5 Ba6 17. Re3 b6 18. Rae1 Bc8 19. Qf4 Bb7 20. Re7 Rc8
21. d6 cxd6 22. Rxb7 f6 23. Ree7 1-0

[Event "Guernsey Holiday"]
[Site "?"]
[Date "2007.10.22"]
[Round "2"]
[White "Timmerman, Peter"]
[Black "Herschmann, Heinz"]
[Result "1-0"]
[WhiteElo "1589"]
[BlackElo "1320"]
[PlyCount "71"]
[EventDate "2007.11.23"]

1. e4 e5 2. Nf3 d6 3. Bc4 Nf6 4. Ng5 d5 5. exd5 Nxd5 6. d3 Bf5 7. Qf3 f6 8.
Bxd5 fxg5 9. Bxb7 Qf6 10. Bxa8 c6 11. Qh5+ Qg6 12. Qxg6+ hxg6 13. Bxg5 Kd7 14.
Nc3 Kc7 15. Be3 Na6 16. Bxa7 Bd6 17. Bxc6 Kxc6 18. a3 Nc7 19. Ne4 Nb5 20. Nxd6
Kxd6 21. Be3 Rc8 22. Kd2 Nd4 23. Bxd4 exd4 24. Rhe1 Rd8 25. b3 Rc8 26. a4 Rb8
27. a5 Ra8 28. a6 Ra7 29. Re8 Bd7 30. Rb8 Bc6 31. f3 Kc7 32. Rb4 Be8 33. Rxd4
Bb5 34. Rg4 Rxa6 35. Rxa6 Bxa6 36. Rxg6 1-0

[Event "Guernsey Holiday"]
[Site "?"]
[Date "2007.10.22"]
[Round "2"]
[White "Beadle, John R"]
[Black "Thompson, Robert"]
[Result "1/2-1/2"]
[WhiteElo "1400"]
[BlackElo "1568"]
[PlyCount "53"]
[EventDate "2007.11.23"]

1. g3 d5 2. Bg2 e5 3. e3 c6 4. Ne2 Bd6 5. d4 e4 6. O-O f5 7. b3 Nd7 8. Ba3 Bc7
9. c4 Ndf6 10. Nbc3 Ne7 11. Rc1 O-O 12. cxd5 cxd5 13. Qc2 Bb8 14. Na4 g5 15. f4
gxf4 16. Nxf4 Bxf4 17. Rxf4 Ng4 18. Qe2 Kh8 19. Nc3 Be6 20. Nb5 Ng6 21. Rff1
Ne7 22. Nc7 Qd7 23. Nxa8 Rxa8 24. Rc3 Nc6 25. Bh3 Rg8 26. Bc5 h5 27. Kh1
1/2-1/2

[Event "Guernsey Holiday"]
[Site "?"]
[Date "2007.10.22"]
[Round "2"]
[White "Palmer, Eric L"]
[Black "Cox, Marian"]
[Result "1/2-1/2"]
[WhiteElo "1566"]
[BlackElo "1200"]
[PlyCount "35"]
[EventDate "2007.11.23"]

1. e4 e5 2. Nf3 d6 3. c3 Be6 4. d4 Nd7 5. h3 c6 6. Ng5 Ngf6 7. Nxe6 fxe6 8. Bd3
Be7 9. O-O O-O 10. Be3 d5 11. Nd2 Qc7 12. f4 exf4 13. Bxf4 e5 14. Bh2 Bd6 15.
dxe5 Nxe5 16. Bxe5 Bxe5 17. Qb3 Qb6+ 18. Qxb6 1/2-1/2

[Event "Guernsey Holiday"]
[Site "?"]
[Date "2007.10.22"]
[Round "2"]
[White "Versmissen, Jorie"]
[Black "Brown, Jim"]
[Result "1-0"]
[WhiteElo "1759"]
[BlackElo "1144"]
[PlyCount "43"]
[EventDate "2007.11.23"]

1. e4 d6 2. d4 c6 3. Bc4 e6 4. f4 Qc7 5. Nf3 Nd7 6. O-O Be7 7. b3 Ngf6 8. Bd3
O-O 9. Bb2 h6 10. c4 b6 11. Qe2 Nh7 12. e5 d5 13. f5 exf5 14. Bxf5 Qd8 15. e6
Ndf6 16. exf7+ Rxf7 17. Ne5 Rf8 18. Nxc6 Qc7 19. Nxe7+ Kh8 20. Ng6+ Kg8 21.
Nxf8 Kxf8 22. Bxh7 1-0

[Event "Guernsey Holiday"]
[Site "?"]
[Date "2007.10.22"]
[Round "2"]
[White "Ainscow, Faye"]
[Black "Harnden, Terry W"]
[Result "0-1"]
[WhiteElo "1336"]
[BlackElo "1485"]
[PlyCount "120"]
[EventDate "2007.11.23"]

1. e4 c5 2. f4 d6 3. Nf3 Nc6 4. Bc4 e6 5. c3 a6 6. Bb3 b5 7. d4 c4 8. Bc2 d5 9.
e5 g6 10. Nbd2 Nh6 11. Nf1 Ne7 12. Ng3 Nef5 13. Nxf5 Nxf5 14. Bxf5 exf5 15. Be3
Bg7 16. O-O O-O 17. Qe2 Be6 18. Rf2 a5 19. Raf1 b4 20. h3 Re8 21. Nh2 Qh4 22.
Qf3 Rab8 23. Re2 a4 24. Qf2 Qxf2+ 25. Rexf2 a3 26. cxb4 Rxb4 27. bxa3 Ra4 28.
Bc1 Bf8 29. Rf3 Rb8 30. Rc3 Rb1 31. Nf3 Ra1 32. Nd2 Rxa2 33. Nb1 Ra8 34. Rcf3
Rb8 35. Nc3 Rc2 36. a4 Bb4 37. Nb5 Ra8 38. Ba3 Rxa4 39. Bxb4 Rxb4 40. Nd6 Rbb2
41. Rg3 Rd2 42. Ra1 Ra2 43. Rb1 Rdb2 44. Rd1 Bd7 45. h4 h5 46. Rc1 Bc6 47. Nxf5
Bd7 48. Ne3 Rb3 49. Kh2 Raa3 50. Nf1 Bf5 51. Rg5 Bg4 52. f5 Bxf5 53. Nd2 Rd3
54. Nf3 Bg4 55. e6 Bxe6 56. Ne5 Rxd4 57. Nxg6 fxg6 58. Rxg6+ Kf7 59. Rh6 Rxh4+
60. Kg1 Ke7 0-1

[Event "Guernsey Holiday"]
[Site "?"]
[Date "2007.10.22"]
[Round "2"]
[White "Carrick, Peter"]
[Black "Nalichowski, Bogdan"]
[Result "1-0"]
[WhiteElo "1304"]
[BlackElo "1458"]
[PlyCount "87"]
[EventDate "2007.11.23"]

1. d4 d5 2. e4 dxe4 3. Nc3 Nf6 4. f3 exf3 5. Nxf3 Bg4 6. Be2 c6 7. O-O h6 8.
Be3 e6 9. Ne5 Bxe2 10. Qxe2 Bd6 11. Rad1 Qc7 12. Bf4 Nbd7 13. Rde1 Bxe5 14.
Bxe5 Qb6 15. Nd1 O-O-O 16. c3 h5 17. Nf2 Rh7 18. Nh3 Rh6 19. Ng5 Rf8 20. Bd6
Rg6 21. Bxf8 Rxg5 22. Bd6 c5 23. Bxc5 Nxc5 24. dxc5 Qb5 25. Qxb5 h4 26. Rxf6
gxf6 27. Qe8+ Kc7 28. Qxf7+ Kc6 29. Qxf6 Rxc5 30. Qxe6+ Kc7 31. Qf7+ Kb6 32.
Qf6+ Kb5 33. Re5 b6 34. Rxc5+ bxc5 35. b3 a5 36. Qf1+ Kc6 37. Qc4 Kb6 38. Kf2
h3 39. g3 Kc6 40. Ke3 Kb6 41. Ke4 Kc6 42. Ke5 a4 43. b4 a3 44. Qxc5+ 1-0

[Event "Guernsey Holiday"]
[Site "?"]
[Date "2007.10.22"]
[Round "2"]
[White "Foster, James M"]
[Black "Cox, Reginald E"]
[Result "1-0"]
[WhiteElo "1432"]
[BlackElo "1136"]
[PlyCount "77"]
[EventDate "2007.11.23"]

1. e4 d6 2. d4 Nf6 3. Nc3 Nbd7 4. f4 e5 5. fxe5 dxe5 6. d5 Bc5 7. Bg5 h6 8. Bh4
a6 9. Bd3 O-O 10. Qe2 Qe8 11. O-O-O Bd4 12. Nb1 Qe7 13. Nd2 b5 14. Nb3 Bb6 15.
Rf1 Qd6 16. h3 g5 17. Bg3 Nc5 18. Nxc5 Bxc5 19. Nf3 Nd7 20. Nh2 Bd4 21. h4 f6
22. Ng4 Kh7 23. hxg5 fxg5 24. Rxh6+ Qxh6 25. Nxh6 Kxh6 26. Rxf8 Nxf8 27. c3 Bc5
28. Bxe5 Ng6 29. Bxc7 Ra7 30. Bg3 Rf7 31. a4 bxa4 32. Bxa6 a3 33. bxa3 Bxa3+
34. Kc2 Bd7 35. Kb3 Bc5 36. e5 Bf5 37. e6 Re7 38. Kc4 Rc7 39. Bxc7 1-0

[Event "Guernsey Holiday"]
[Site "?"]
[Date "2007.10.22"]
[Round "2"]
[White "Rodrigues, Benedict"]
[Black "Welch, Hazel"]
[Result "1-0"]
[WhiteElo "944"]
[BlackElo "1368"]
[PlyCount "107"]
[EventDate "2007.11.23"]

1. e4 c5 2. Nf3 d6 3. d4 cxd4 4. Nxd4 Nf6 5. Nc3 g6 6. Be3 Bg7 7. Qd2 O-O 8. f3
Nc6 9. O-O-O Bd7 10. Bh6 Rc8 11. Bxg7 Kxg7 12. Qg5 Nxd4 13. Rxd4 Rc5 14. Qe3
Qa5 15. b4 Qa3+ 16. Kd2 Rc7 17. Nd5 Qxe3+ 18. Nxe3 Rfc8 19. Bd3 a6 20. g4 Rc3
21. g5 Ne8 22. Nc4 Rxd3+ 23. cxd3 Ba4 24. Rc1 Rd8 25. Nb6 Bc6 26. Nc4 Nc7 27.
Ne5 Ne6 28. Nxc6 bxc6 29. Rdc4 Nxg5 30. Ke3 Rb8 31. a3 c5 32. bxc5 dxc5 33.
Rxc5 Ne6 34. Rc6 a5 35. Ra6 Rb5 36. a4 Rh5 37. Rc2 Nd8 38. Ra7 Kf6 39. Ra6+ Kg7
40. Ra7 Kf6 41. Rcc7 Re5 42. d4 Rh5 43. e5+ Kf5 44. Rc2 Ne6 45. Rxa5 Rh4 46.
Rd5 h5 47. a5 Nf4 48. Rd7 e6 49. a6 Nd5+ 50. Rxd5 exd5 51. a7 g5 52. a8=Q Rf4
53. Qc8+ Kg6 54. Qg8+ 1-0

[Event "Guernsey Holiday"]
[Site "?"]
[Date "2007.10.22"]
[Round "2"]
[White "Lowe, Greg"]
[Black "Hoare, Amy"]
[Result "0-1"]
[WhiteElo "1364"]
[BlackElo "904"]
[PlyCount "64"]
[EventDate "2007.11.23"]

1. e4 e5 2. Nf3 Nc6 3. Bb5 a6 4. Ba4 Bc5 5. O-O b5 6. Bb3 d6 7. c3 Bb7 8. Re1
Nf6 9. d3 Qe7 10. Be3 O-O-O 11. Nbd2 h5 12. Ng5 Bxe3 13. fxe3 d5 14. d4 Ng4 15.
Ngf3 dxe4 16. Nxe4 Na5 17. Nc5 e4 18. Nd2 Qh4 19. Nf1 Qf2+ 20. Kh1 Qxb2 21.
Bxf7 Nf2+ 22. Kg1 Nxd1 23. Raxd1 g6 24. Ng3 Bd5 25. Bxg6 Rdg8 26. Bf5+ Kd8 27.
Re2 Qxc3 28. Rf1 Bc4 29. Ngxe4 Qa3 30. Ne6+ Ke7 31. Rc2 Qxe3+ 32. Rff2 Qe1+ 0-1

[Event "Guernsey Holiday"]
[Site "?"]
[Date "2007.10.23"]
[Round "3"]
[White "Collins, Alan"]
[Black "Hoogakker, Peter"]
[Result "1/2-1/2"]
[WhiteElo "1504"]
[BlackElo "1746"]
[PlyCount "54"]
[EventDate "2007.11.23"]

1. d4 d5 2. c4 e6 3. Nc3 Nf6 4. cxd5 exd5 5. Bg5 c6 6. e3 Be7 7. Bd3 Nbd7 8.
Nge2 O-O 9. O-O Re8 10. Qc2 h6 11. Bh4 Bd6 12. Bg3 Bxg3 13. Nxg3 Nb6 14. Rad1
h5 15. Bf5 Bxf5 16. Qxf5 g6 17. Qd3 Nc4 18. Rb1 Nd6 19. f3 h4 20. Nh1 Nh5 21.
Rbe1 Qg5 22. Nf2 Nc4 23. Ncd1 Rxe3 24. Nxe3 Nf4 25. Qb3 Nxe3 26. Ng4 Nxf1 27.
Qxb7 Qd8 1/2-1/2

[Event "Guernsey Holiday"]
[Site "?"]
[Date "2007.10.23"]
[Round "3"]
[White "Kok, F.."]
[Black "Nalichowski, Seb"]
[Result "1/2-1/2"]
[WhiteElo "1609"]
[BlackElo "1667"]
[PlyCount "140"]
[EventDate "2007.11.23"]

1. d4 e6 2. c4 d5 3. e3 Nf6 4. a3 b6 5. Nf3 Bd6 6. b4 Ba6 7. c5 Bxf1 8. Kxf1
Be7 9. Nc3 O-O 10. g3 a5 11. Bb2 axb4 12. axb4 Nc6 13. Qb3 Qd7 14. Kg2 bxc5 15.
bxc5 Na5 16. Qc2 Nc4 17. Nd2 Nxd2 18. Qxd2 Rfb8 19. Rxa8 Rxa8 20. Qc2 c6 21. f3
Qc7 22. Na4 Nd7 23. f4 f5 24. h4 Qa5 25. Ra1 Qb4 26. Bc3 Qb7 27. Rb1 Qc7 28.
Nb6 Nxb6 29. Rxb6 Rb8 30. Ra6 Qb7 31. Rb6 Qa8 32. Rxb8+ Qxb8 33. Qb2 Qxb2+ 34.
Bxb2 Kf7 35. Kh3 h5 36. Bc3 Bd8 37. Bd2 Ke7 38. Kg2 Kd7 39. Kf2 Kc8 40. Ke2 Kb7
41. Be1 Ka6 42. Bf2 Kb5 43. Bg1 Kc4 44. Bf2 Kc3 45. Bg1 Kc2 46. Bf2 Ba5 47. Bg1
Bc3 48. Bf2 Bb4 49. Bg1 Kb3 50. Bf2 Kc4 51. Bg1 Ba5 52. Bf2 Bd8 53. Bg1 g6 54.
Bf2 Be7 55. Bg1 Kb5 56. Bf2 Ka6 57. Bg1 Kb7 58. Bf2 Kc8 59. Bg1 Kd7 60. Bf2 Ke8
61. Bg1 Kf7 62. Bf2 Bd8 63. Be1 Ke8 64. Bd2 Kf7 65. Be1 Kg7 66. Kf3 Be7 67. Ke2
Kh6 68. Kf3 Bd8 69. Bf2 e5 70. fxe5 g5 1/2-1/2

[Event "Guernsey Holiday"]
[Site "?"]
[Date "2007.10.23"]
[Round "3"]
[White "Ruigrok, Jacques"]
[Black "Randall, David C"]
[Result "1/2-1/2"]
[WhiteElo "1709"]
[BlackElo "1568"]
[PlyCount "41"]
[EventDate "2007.11.23"]

1. e4 c5 2. d4 cxd4 3. c3 Nf6 4. e5 Nd5 5. cxd4 e6 6. Nf3 Nc6 7. Be2 d6 8. O-O
dxe5 9. dxe5 Be7 10. Bd2 O-O 11. Nc3 Nxc3 12. Bxc3 b6 13. Qc2 Bb7 14. Rfd1 Qc7
15. Bd3 h6 16. Qe2 Nb4 17. Bxb4 Bxb4 18. Rac1 Qb8 19. a3 Be7 20. Rc3 Rc8 21.
Rdc1 1/2-1/2

[Event "Guernsey Holiday"]
[Site "?"]
[Date "2007.10.23"]
[Round "3"]
[White "Jongerius, M.."]
[Black "Finch, J Russell"]
[Result "1/2-1/2"]
[WhiteElo "1592"]
[BlackElo "1706"]
[PlyCount "34"]
[EventDate "2007.11.23"]

1. e4 c5 2. Nf3 d6 3. c3 Nc6 4. Be2 g6 5. O-O Bg7 6. d4 Nf6 7. Be3 cxd4 8. cxd4
O-O 9. Nc3 Bg4 10. Qd2 d5 11. e5 Ne8 12. h3 Bxf3 13. Bxf3 Nc7 14. Rab1 e6 15.
Be2 Qd7 16. g3 f6 17. f4 fxe5 1/2-1/2

[Event "Guernsey Holiday"]
[Site "?"]
[Date "2007.10.23"]
[Round "3"]
[White "Timmerman, Peter"]
[Black "Haisma, Henk"]
[Result "1-0"]
[WhiteElo "1589"]
[BlackElo "1692"]
[PlyCount "111"]
[EventDate "2007.11.23"]

1. e4 c5 2. Nf3 Nc6 3. c3 d5 4. exd5 Qxd5 5. d4 cxd4 6. Nxd4 Nxd4 7. Qxd4 Qxd4
8. cxd4 Bd7 9. Nc3 Nf6 10. Bf4 a6 11. Be2 Bc6 12. O-O e6 13. a3 Be7 14. Rfd1
O-O 15. Rd3 Rfd8 16. Rad1 Rd7 17. Bf3 Bxf3 18. Rxf3 Rad8 19. Rfd3 h6 20. f3 Bc5
21. Be3 e5 22. d5 Bxe3+ 23. Rxe3 Nxd5 24. Rxe5 Nxc3 25. Rxd7 Rxd7 26. bxc3 Rd1+
27. Kf2 Ra1 28. Ra5 Ra2+ 29. Kg3 g5 30. h3 Kg7 31. c4 Rc2 32. c5 Rc4 33. Kf2
Rc2+ 34. Kg3 Kf6 35. h4 Ke6 36. hxg5 hxg5 37. c6 Rxc6 38. Rxg5 b5 39. Rg4 Kd5
40. Rf4 f6 41. a4 Rc4 42. Rxf6 Rxa4 43. f4 b4 44. Rb6 Kc4 45. f5 b3 46. f6 Kc3
47. Rc6+ Kd4 48. Rb6 Kc4 49. Kf4 Ra1 50. Ke3 a5 51. g4 Rf1 52. Ke4 Rf2 53. g5
a4 54. g6 b2 55. g7 Rg2 56. f7 1-0

[Event "Guernsey Holiday"]
[Site "?"]
[Date "2007.10.23"]
[Round "3"]
[White "Brooker, Chris H"]
[Black "Carlucci, Frank"]
[Result "1-0"]
[WhiteElo "1670"]
[BlackElo "1552"]
[PlyCount "163"]
[EventDate "2007.11.23"]

1. f4 d5 2. e3 Nf6 3. Nf3 Bg4 4. b3 e6 5. Bb2 Be7 6. Be2 Nbd7 7. O-O c5 8. d3
b5 9. h3 Bxf3 10. Bxf3 Rc8 11. g4 O-O 12. Nd2 Ne8 13. e4 d4 14. Bg2 e5 15. fxe5
Nxe5 16. Nf3 Ng6 17. Bc1 Nc7 18. Qe1 Ne6 19. e5 Nef4 20. Qe4 Nxg2 21. Kxg2 Nh4+
22. Nxh4 Bxh4 23. Bf4 a5 24. Bg3 Bg5 25. Rf5 g6 26. Rff1 c4 27. e6 f5 28. e7
Bxe7 29. gxf5 cxd3 30. Qe6+ Kg7 31. Be5+ Bf6 32. cxd3 Rc2+ 33. Kg1 Bxe5 34.
Qxe5+ Qf6 35. Qg3 g5 36. Rae1 Rc6 37. Qe5 Qxe5 38. Rxe5 Rc3 39. Rf3 a4 40. Rxb5
axb3 41. axb3 h5 42. Kg2 g4 43. hxg4 hxg4 44. Rg3 Kh6 45. Rxg4 Rxd3 46. Rg6+
Kh5 47. Rg7 Kh6 48. Rg3 Rd2+ 49. Kh3 d3 50. Rd5 Rb2 51. Rd6+ Kh7 52. Rd4 Rf6
53. Rd7+ Kh8 54. Rdxd3 Rxf5 55. Rd4 Rh5+ 56. Rh4 Rxh4+ 57. Kxh4 Rh2+ 58. Kg4
Kg7 59. Kf4+ Kf7 60. Ke4 Ke7 61. Kd4 Rc2 62. Rc3 Rd2+ 63. Kc5 Kd7 64. Kb5 Rd5+
65. Rc5 Rd3 66. b4 Rd1 67. Kb6 Rb1 68. b5 Ra1 69. Kb7 Ra5 70. Kb6 Ra8 71. Rc7+
Kd6 72. Kb7 Ra1 73. b6 Ra2 74. Kb8 Rb2 75. b7 Ra2 76. Rc4 Kd7 77. Rd4+ Ke7 78.
Kc7 Rc2+ 79. Kb6 Rb2+ 80. Ka6 Ra2+ 81. Kb5 Rb2+ 82. Rb4 1-0

[Event "Guernsey Holiday"]
[Site "?"]
[Date "2007.10.23"]
[Round "3"]
[White "Paardekam, Rene"]
[Black "Sivakumar, Athman"]
[Result "1/2-1/2"]
[WhiteElo "1754"]
[BlackElo "1528"]
[PlyCount "41"]
[EventDate "2007.11.23"]

1. e4 e5 2. Nf3 Nc6 3. Bb5 a6 4. Ba4 Nf6 5. O-O Be7 6. Re1 b5 7. Bb3 d6 8. h3
O-O 9. c3 Bb7 10. Bc2 Ne8 11. d4 g6 12. Be3 Ng7 13. Qd2 Na5 14. b3 Nc6 15. Qe2
exd4 16. Nxd4 Nxd4 17. Bxd4 Ne6 18. Be3 Bf6 19. Rd1 Qe7 20. a4 b4 21. f3
1/2-1/2

[Event "Guernsey Holiday"]
[Site "?"]
[Date "2007.10.23"]
[Round "3"]
[White "Silverstein, Ben"]
[Black "Versmissen, Jorie"]
[Result "0-1"]
[WhiteElo "1464"]
[BlackElo "1759"]
[PlyCount "90"]
[EventDate "2007.11.23"]

1. e4 d5 2. exd5 Qxd5 3. Nc3 Qa5 4. d4 Nf6 5. Nf3 Bf5 6. Bf4 Nbd7 7. Bd3 c6 8.
O-O e6 9. Re1 Bb4 10. a3 Bxc3 11. bxc3 Bxd3 12. Qxd3 Nd5 13. Bd2 Qc7 14. c4
N5f6 15. d5 Nc5 16. Qd4 cxd5 17. Bb4 Nce4 18. cxd5 a5 19. d6 Qxc2 20. Bxa5
Qxf2+ 21. Qxf2 Nxf2 22. Bc3 N2e4 23. Bb4 Rc8 24. Ne5 Nc5 25. Rad1 Ncd7 26. Nxd7
Kxd7 27. Rc1 Nd5 28. Rxc8 Rxc8 29. Rf1 f6 30. Rb1 b6 31. Kf2 Rc4 32. Ke2 Nxb4
33. axb4 Rd4 34. Rb3 Kxd6 35. Ke3 e5 36. b5 Kc5 37. h3 f5 38. Rb2 h5 39. Rb3
Kc4 40. Rb2 g5 41. g3 Kc3 42. Rf2 Rd3+ 43. Ke2 Rd2+ 44. Kf3 Rxf2+ 45. Kxf2 Kd3
0-1

[Event "Guernsey Holiday"]
[Site "?"]
[Date "2007.10.23"]
[Round "3"]
[White "Carlucci, Paul A"]
[Black "Cox, John"]
[Result "1-0"]
[WhiteElo "1704"]
[BlackElo "1460"]
[PlyCount "75"]
[EventDate "2007.11.23"]

1. d4 d5 2. Nf3 Nf6 3. e3 Bg4 4. Be2 e6 5. O-O Be7 6. b3 O-O 7. Bb2 Nbd7 8.
Nbd2 Rc8 9. a3 c5 10. c4 Re8 11. dxc5 Nxc5 12. b4 Nce4 13. c5 Nxd2 14. Qxd2 Ne4
15. Qc2 Bf6 16. Nd4 Bxe2 17. Qxe2 Qe7 18. f3 Bxd4 19. exd4 Nf6 20. Rfe1 a6 21.
Bc1 h6 22. Bf4 Red8 23. Bd6 Rxd6 24. cxd6 Qxd6 25. Rac1 Rxc1 26. Rxc1 Qf4 27.
Rc8+ Kh7 28. Qd3+ g6 29. g3 Qg5 30. Kf2 h5 31. h4 Qh6 32. Rc7 Kg8 33. Qe3 Qf8
34. Qc3 Kg7 35. Qc5 Qxc5 36. bxc5 Ne8 37. Rxb7 Kf8 38. Ra7 1-0

[Event "Guernsey Holiday"]
[Site "?"]
[Date "2007.10.23"]
[Round "3"]
[White "Cox, Marian"]
[Black "Kearsley, Raymond J"]
[Result "0-1"]
[WhiteElo "1200"]
[BlackElo "1664"]
[PlyCount "104"]
[EventDate "2007.11.23"]

1. e4 d5 2. exd5 Nf6 3. Nc3 Nxd5 4. Nxd5 Qxd5 5. Nf3 Nc6 6. Be2 e5 7. d3 Bc5 8.
c4 Qd6 9. O-O O-O 10. Be3 Bf5 11. Qc2 Rfe8 12. Rad1 Bxe3 13. fxe3 Qh6 14. e4
Bg4 15. Rf2 Bxf3 16. Bxf3 Rad8 17. Qd2 Qd6 18. Qe3 Nd4 19. Bh5 Re7 20. Rdf1 f6
21. Qg3 Rf8 22. a3 c5 23. Bg4 Kh8 24. Qh4 Ne6 25. Rd1 Nf4 26. Bf5 g5 27. Qg3 {
(=)} Qd4 28. Rdd2 Rd8 29. Kf1 a6 30. Rf3 b5 31. cxb5 axb5 32. Qf2 c4 33. Qe3
Qxe3 34. Rxe3 Nxd3 35. g3 Rb8 36. Rc2 Nc5 37. b4 Na4 38. Ke2 Rd8 39. g4 Ra7 40.
Rh3 Rc7 41. Re3 h6 42. h3 Rc6 43. Ke1 {(=)} Rcd6 44. Ke2 Rd3 45. Kf2 Rxe3 46.
Kxe3 Rd3+ 47. Ke2 Rxa3 48. Bd7 Rb3 49. Bxb5 Nc3+ 50. Kd2 Nxb5 51. Rxc4 Nd6 52.
Rc6 Nxe4+ 0-1

[Event "Guernsey Holiday"]
[Site "?"]
[Date "2007.10.23"]
[Round "3"]
[White "Baart, Edwin"]
[Black "Foster, James M"]
[Result "1-0"]
[WhiteElo "1637"]
[BlackElo "1432"]
[PlyCount "117"]
[EventDate "2007.11.23"]

1. d4 d5 2. c4 c6 3. Nc3 Nf6 4. Nf3 e6 5. Bg5 Nbd7 6. e3 Be7 7. Be2 O-O 8. Rc1
b6 9. cxd5 exd5 10. Qa4 Bb7 11. O-O c5 12. Rfd1 a6 13. Bxf6 Nxf6 14. dxc5 bxc5
15. Qb3 Rb8 16. Qc2 Qa5 17. a3 Rbc8 18. Ne5 Rfd8 19. Bf3 Qc7 20. Ng4 Nxg4 21.
Bxg4 Rb8 22. Bf3 Qe5 23. e4 d4 24. Nd5 Bd6 25. g3 Rdc8 26. Nb6 Rd8 27. Nc4 Qf6
28. Nxd6 Rxd6 29. Bg2 Rc8 30. f4 Rdd8 31. e5 Qe7 32. b3 Bxg2 33. Kxg2 a5 34.
Qc4 Qb7+ 35. Kf2 h6 36. h4 Qe4 37. Qd3 Qc6 38. Qc4 Kf8 39. b4 Rd5 40. bxc5 Rxc5
41. Qxc5+ Qxc5 42. Rxc5 Rxc5 43. Rxd4 Ke7 44. Ke3 h5 45. Rd3 f6 46. exf6+ Kxf6
47. Kd4 Rc7 48. Ke4 Re7+ 49. Kf3 Rc7 50. g4 hxg4+ 51. Kxg4 Rc5 52. Re3 Kg6 53.
Re5 Rc1 54. Rxa5 Rg1+ 55. Kf3 Rf1+ 56. Kg3 Rg1+ 57. Kf2 Rh1 58. h5+ Rxh5 59.
Rxh5 1-0

[Event "Guernsey Holiday"]
[Site "?"]
[Date "2007.10.23"]
[Round "3"]
[White "Bennett, DW.."]
[Black "Onwezen, Eric"]
[Result "0-1"]
[WhiteElo "1112"]
[BlackElo "1621"]
[PlyCount "114"]
[EventDate "2007.11.23"]

1. Nf3 d5 2. d4 Nf6 3. Bf4 Bf5 4. Nbd2 e6 5. e3 Bd6 6. Be5 Nc6 7. Bb5 O-O 8.
Bxc6 bxc6 9. c4 Ng4 10. O-O Bxe5 11. Nxe5 Nxe5 12. dxe5 Qb8 13. b3 Qb4 14. a3
Qc3 15. Nf3 Be4 16. Rc1 Qb2 17. a4 Bxf3 18. gxf3 Qxe5 19. Kh1 f5 20. Qd4 Qd6
21. c5 Qe7 22. Rg1 e5 23. Qc3 Rf6 24. Rg2 Rg6 25. Rcg1 Rxg2 26. Rxg2 g6 27. f4
exf4 28. exf4 Kf7 29. Rg3 Qe4+ 30. Rf3 Re8 31. Kg2 Rd8 32. Kg3 d4 33. Qd3 Qxd3
34. Rxd3 h6 35. h4 Ke6 36. Kf3 Kd5 37. b4 Kc4 38. Ke2 Kxb4 39. Rg3 Rg8 40. h5
g5 41. fxg5 hxg5 42. f4 g4 43. Kd3 Kxc5 44. Kc2 Rh8 45. Kb3 Rxh5 46. Kc2 Rh2+
47. Kd1 Kb4 48. Rd3 c5 49. Ke1 Kxa4 50. Kf1 Kb4 51. Kg1 Rc2 52. Kf1 a5 53. Ke1
a4 54. Kd1 Rh2 55. Kc1 Kc4 56. Rg3 d3 57. Kd1 a3 0-1

[Event "Guernsey Holiday"]
[Site "?"]
[Date "2007.10.23"]
[Round "3"]
[White "O'Connor, J.."]
[Black "Beadle, John R"]
[Result "1/2-1/2"]
[WhiteElo "1591"]
[BlackElo "1400"]
[PlyCount "42"]
[EventDate "2007.11.23"]

1. e4 g6 2. f4 Bg7 3. d4 d6 4. Nf3 Nd7 5. Bc4 c5 6. O-O cxd4 7. Ng5 Nh6 8. f5
Ne5 9. Bb3 gxf5 10. Qh5 Ng6 11. exf5 Bxf5 12. Nxf7 Nxf7 13. Qxf5 Bf6 14. Ba4+
Kf8 15. Qe6 Kg7 16. Nd2 Qc8 17. Bb3 Qxe6 18. Bxe6 Ng5 19. Bb3 Rhf8 20. Nf3
Nxf3+ 21. Rxf3 Be5 1/2-1/2

[Event "Guernsey Holiday"]
[Site "?"]
[Date "2007.10.23"]
[Round "3"]
[White "Thompson, Robert"]
[Black "Carrick, Peter"]
[Result "1-0"]
[WhiteElo "1568"]
[BlackElo "1304"]
[PlyCount "45"]
[EventDate "2007.11.23"]

1. d4 d5 2. Nf3 Nc6 3. c4 Bg4 4. cxd5 Qxd5 5. Nc3 Qa5 6. e3 a6 7. Bd2 Nf6 8. h3
Bd7 9. Bc4 Qb6 10. Na4 Qa7 11. d5 b5 12. dxc6 Bxc6 13. Ne5 Bxg2 14. Bxf7+ Kd8
15. Bc3+ Kc8 16. Be6+ Kb7 17. Bd4 Rd8 18. Qc2 Rxd4 19. Nc5+ Kb8 20. exd4 Bxh1
21. d5 Ka8 22. Nc6 Qb6 23. Bc8 1-0

[Event "Guernsey Holiday"]
[Site "?"]
[Date "2007.10.23"]
[Round "3"]
[White "Stoop, Michael"]
[Black "Palmer, Eric L"]
[Result "0-1"]
[WhiteElo "1056"]
[BlackElo "1566"]
[PlyCount "38"]
[EventDate "2007.11.23"]

1. d4 Nf6 2. Nf3 d6 3. Nc3 g6 4. e4 Bg7 5. Be3 O-O 6. Qd2 Re8 7. O-O-O Bg4 8.
Be2 c6 9. Bh6 Bh8 10. h3 Bxf3 11. gxf3 Nbd7 12. f4 e5 13. fxe5 dxe5 14. h4 exd4
15. f3 dxc3 16. bxc3 Qa5 17. Kb1 Nd5 18. exd5 Bxc3 19. dxc6 Qb4+ 0-1